|
|
|
|
| LEADER |
01422nam a2200301 a 4500 |
| 001 |
3702 |
| 003 |
BD-DhAAL |
| 005 |
20150317203140.0 |
| 008 |
150317s1994 nyu 001 0aeng |
| 010 |
|
|
|a 93040709
|
| 020 |
|
|
|a 0471020311 (acidfree paper) :
|c $24.95
|
| 040 |
|
|
|a DLC
|c DLC
|d DLC
|
| 050 |
0 |
0 |
|a QC16.S24
|b A3 1994
|
| 082 |
0 |
0 |
|a 530/.092
|a B
|2 20
|
| 100 |
1 |
|
|a Sagdeev, R. Z.
|9 9776
|
| 245 |
1 |
4 |
|a The making of a Soviet scientist :
|b my adventures in nuclear fusion and space from Stalin to Star Wars /
|c Roald Z. Sagdeev ; edited by Susan Eisenhower.
|
| 260 |
|
|
|a New York :
|b Wiley,
|c c1994.
|
| 300 |
|
|
|a xi, 339 p. ;
|c 24 cm.
|
| 500 |
|
|
|a Includes index.
|
| 541 |
|
|
|e 3702
|
| 600 |
1 |
0 |
|a Sagdeev, R. Z.
|9 9777
|
| 650 |
|
0 |
|a Physicists
|z Russia (Federation)
|x Biography.
|9 9778
|
| 700 |
1 |
|
|a Eisenhower, Susan.
|9 9779
|
| 942 |
|
|
|2 ddc
|c BK
|
| 999 |
|
|
|c 34078
|d 34078
|
| 952 |
|
|
|0 0
|1 0
|2 ddc
|4 0
|6 530_092000000000000_SAG
|7 0
|9 53170
|a SCL
|b SCL
|c GEN
|d 2015-03-17
|e Gift: The Asia Foundation
|l 1
|m 3
|o 530.092 SAG
|p 3020003702
|r 2019-07-30
|s 2019-07-05
|t 1
|w 2015-03-17
|y BK
|
| 952 |
|
|
|0 0
|1 0
|2 ddc
|4 0
|6 530_092000000000000_SAG
|7 0
|9 53171
|a SCL
|b SCL
|c GEN
|d 2015-03-17
|e Gift: The Asia Foundation
|l 0
|o 530.092 SAG
|p 3020003701
|r 2015-03-17
|t 2
|w 2015-03-17
|y BK
|
| 952 |
|
|
|0 0
|1 0
|2 ddc
|4 0
|6 530_092000000000000_SAG
|7 0
|9 53226
|a SCL
|b SCL
|c GEN
|d 2015-03-19
|e Gift: The Asia Foundation
|l 1
|m 1
|o 530.092 SAG
|p 3020002955
|r 2020-03-11
|s 2020-03-01
|t 3
|w 2015-03-19
|y BK
|